01546 am a2200421 a 450000500170000000800410001702000180005804100080007624500600008425000440014426000540018830000160024250001240025865300210038265300370040365300160044065300460045665300450050265300320054765300250057965300380060465300350064265300300067765300260070765300260073365300600075965300150081965300220083465300220085665300150087865300260089365300520091965300690097170000210104070000220106170000220108370000190110520240430105413.0100810s2014||||ag a f |||| 001 0 spa d a9786077743934 aspa aRoitt. Inmunología.bFundamentos / cPeter J. Delves a12a ed.bTraducción Silvia Rondinone. aMexico: bEditorial Médica Panamericana;c2014. a542 p.bil. aDelves, P. J. et al. (2014). Roitt. Inmunología. Fundamentos. (12a ed.). México : Editorial Médica Panamericana.  aInmunidad innata aInmunidad adquirida específica aAnticuerpos aReceptores de membrana para el antígeno aInteracción primaria con el antígeno aTécnicas inmunoquímicas aTécnicas celulares aAnatomía de la respuesta inmune aActivación de los linfocitos aProducción de efectores aMecanismos de control aOntogenia y filogenia aEstrategías de los adversarios durante la infección aProfilaxis aInmunodeficiencia aHipersensibilidad aTrasplante aInmunología tumoral aEnfermedades autoinmunes. Alcance y etiología aEnfermedades autoinmunes. Patogenia, diagnóstico y tratamiento1 aDelves, Peter J.1 aMartin, Seamus J.1 aBurton, Dennis R.1 aRoitt, Ivan M.